| 000 | 00498nam a2200145Ia 4500 | ||
|---|---|---|---|
| 008 | 170725s9999 xx 000 0 und d | ||
| 100 | _aSandria S. Stephenson | ||
| 245 | _aAccounting Community of Practice pedagogy: a course management invention for developing personal competencies in accounting education | ||
| 245 | _cSandria S. Stephenson | ||
| 260 | _c2017 | ||
| 300 | _apages 42821, February | ||
| 440 |
_aAccounting Education _v26:1 |
||
| 500 | _aCJ0028 | ||
| 650 | _aAccounting Education | ||
| 999 |
_c340851 _d340851 |
||